000 00826nam a2200253Ia 4500
003 OSt
005 20220923221015.0
006 a|||||r|||| 00| 0
007 ta
008 220922b |||||||| |||| 00| 0 hin d
024 _a193,678
037 _cTextual
040 _aARTS
_cARTS
_bhin
041 _2hin
_ahin
082 _aO152,3xN5, M4
100 _aजमाली, सतीश
245 0 _aसमकालीन रचना और यथार्थ
246 _aSamakālīn rachanā aur yathārtha
260 _aइलाहाबाद
_b चित्रलेखा प्रका0
_c1984
300 _a150पृ.
_ccm.
650 _aहिन्दी साहित्य
_9156264
942 _hO152,3xN5, M4
_cTEXL
_2CC
999 _c346116
_d346116